000 01185nam a2200277 a 4500
001 ebr10657092
003 CaPaEBR
006 m u
007 cr cn|||||||||
008 130226s2013 ts a sb 001 0 eng d
020 _z9781608056033
020 _z9781608054763 (e-book)
040 _aCaPaEBR
_cCaPaEBR
035 _a(OCoLC)834611337
050 1 4 _aQA76.758
_b.C87 2013eb
100 1 _aCusick, James J.
245 1 0 _aDurable ideas in software engineering
_h[electronic resource] :
_bconcepts, methods and approaches from my virtual toolbox /
_cJames J. Cusick.
260 _aSharjah, United Arab Emirates ;
_aOak Park, Ill. :
_bBentham Science Publishers,
_c[2013?]
300 _avi, 332 p. :
_bill.
504 _aIncludes bibliographical references and index.
533 _aElectronic reproduction.
_bPalo Alto, Calif. :
_cebrary,
_d2013.
_nAvailable via World Wide Web.
_nAccess may be limited to ebrary affiliated libraries.
650 0 _aSoftware engineering.
655 7 _aElectronic books.
_2local
710 2 _aebrary, Inc.
856 4 0 _uhttp://site.ebrary.com/lib/rucke/Doc?id=10657092
_zAn electronic book accessible through the World Wide Web; click to view
999 _c77447
_d77447